000 00400nam a2200157Ia 4500
008 230711s9999||||xx |||||||||||||| ||und||
041 _aENG
082 _a720
_bCU-B
100 _aWilliam J. R. Curtis
245 0 _aBalakrishna Doshi: an Architecture for India
250 _a1st Ed.
260 _c1988
_aAhmedabad
_bMapin Publishing Pvt.Ltd
300 _a191
650 _aArchitecture
942 _cBK
999 _c1566
_d1566